| 000 | 00474nam a22001697a 4500 | ||
|---|---|---|---|
| 003 | NUST - PNEC | ||
| 005 | 20170116180947.0 | ||
| 008 | 150907b xxu||||| |||| 00| 0 eng d | ||
| 020 | _a0306404346 | ||
| 040 | _cLIBRARY | ||
| 082 | _a621.366 SLI | ||
| 100 |
_98980 _aSliney, David |
||
| 245 |
_aSafety with lasers and other optical sources : A comprehensive handbook _cDavid Sliney |
||
| 260 | _cc.1980 | ||
| 650 |
_98982 _aLasers--Safety measures _xEE |
||
| 942 |
_2ddc _cBK |
||
| 999 |
_c66308 _d66308 |
||